LEADER 01016nam0-2200337---450- 001 990009569180403321 005 20120509133919.0 010 $a978-88-10-42057-7 035 $a000956918 035 $aFED01000956918 035 $a(Aleph)000956918FED01 035 $a000956918 100 $a20120509d2008----km-y0itay50------ba 101 0 $aita 102 $aIT 105 $a--------001yy 200 1 $aContro i Giudei$eintroduzione, testo, traduzione e commento$fPseudo Cipriano$ga cura di Norma Boncompagni 210 $aBologna$cEDB$d2008 215 $a160 p.$d20 cm. 225 1 $aBiblioteca patristica$v45 610 0 $aPolemica contro gli ebrei nei tempi apostolici 676 $a239.2 700 1$aCyprianus,$bThascius Caecilius$f$0269383 702 1$aBoncompagni,$bNorma 801 0$aIT$bUNINA$gRICA$2UNIMARC 901 $aBK 912 $a990009569180403321 952 $a239.2 CYP 1$bD.D.S. 13101$fFLFBC 959 $aFLFBC 996 $aContro i Giudei$9846240 997 $aUNINA LEADER 01640nam 2200481 450 001 9910798867103321 005 20230126214813.0 035 $a(CKB)3710000000941705 035 $a(MiAaPQ)EBC4746971 035 $a(DLC) 2016050592 035 $a(EXLCZ)993710000000941705 100 $a20170831h20162016 uy 0 101 0 $aeng 135 $aurcnu|||||||| 181 $2rdacontent 182 $2rdamedia 183 $2rdacarrier 200 10$aDesigning speech for a recipient $ethe roles of partner modeling, alignment and feedback in so-called 'simplified registers' /$fKerstin Fischer 210 1$aAmsterdam, [Netherlands] ;$aPhiladelphia, [Pennsylvania] :$cJohn Benjamins Publishing Company,$d2016. 210 4$dİ2016 215 $a1 online resource (340 pages) $cillustrations 225 1 $aPragmatics & Beyond New Series,$x0922-842X 311 $a90-272-5675-6 311 $a90-272-6617-4 320 $aIncludes bibliographical references and index. 410 0$aPragmatics & beyond. 606 $aPragmatics$xSocial aspects 606 $aDiscourse analysis$xSocial aspects 606 $aLanguage and languages$xVariation 606 $aCommunication models 615 0$aPragmatics$xSocial aspects. 615 0$aDiscourse analysis$xSocial aspects. 615 0$aLanguage and languages$xVariation. 615 0$aCommunication models. 676 $a401.45 700 $aFischer$b Kerstin$f1966-$01471680 801 0$bMiAaPQ 801 1$bMiAaPQ 801 2$bMiAaPQ 906 $aBOOK 912 $a9910798867103321 996 $aDesigning speech for a recipient$93738400 997 $aUNINA